[Event "TUR-chT 2nd League"]
[Site "Konya"]
[Date "2022.08.28"]
[Round "9.3"]
[White "Celik, Ege Yigit"]
[Black "Ozdover, Mustafa Berkay"]
[Result "1/2-1/2"]
[WhiteElo "2146"]
[BlackElo "2114"]
[PlyCount "80"]
[EventDate "2022.08.22"]
[EventType "team-swiss"]
[EventRounds "9"]
[EventCountry "TUR"]
[SourceTitle "CBM 210 Extra"]
[Source "ChessBase"]
[SourceDate "2022.11.30"]
[SourceVersion "1"]
[SourceVersionDate "2022.11.30"]
[SourceQuality "1"]
[WhiteTeam "Pamukkale Yonetimi"]
[BlackTeam "Bursa Deneyim"]
[WhiteTeamCountry "TUR"]
[BlackTeamCountry "TUR"]

1. c4 Nf6 2. Nc3 g6 3. g3 Bg7 4. Bg2 0-0 5. e4 d6 6. Nge2 c5 7. 0-0 Nc6 8. d3 a6 9. h3 Rb8 10. a4 Ne8 11. Be3 Nd4 12. Rb1 b6 13. b4 Nc7 14. f4 Bd7 15. b5 axb5 16. axb5 Ra8 17. Qd2 Ra3 18. g4 Qa8 19. Bxd4 cxd4 20. Nd5 Nxd5 21. exd5 Qc8 22. Kh2 e6 23. Ng3 Kh8 24. Ra1 Rxa1 25. Rxa1 e5 26. Rf1 exf4 27. Qxf4 Be5 28. Qh6 f5 29. gxf5 gxf5 30. Rf3 Rg8 31. Kg1 Rg6 32. Qh4 Qg8 33. Kf2 f4 34. Rxf4 Bxf4 35. Qxf4 Qg7 36. Qh4 Rf6+ 37. Kg1 Rg6 38. Kf2 Rf6+ 39. Kg1 Rg6 40. Kh2 Qe5 1/2-1/2

[Event "TUR-chT 2nd League"]
[Site "Konya"]
[Date "2022.08.27"]
[Round "8.3"]
[White "Ozdover, Mustafa Berkay"]
[Black "Gazioglu, Halit"]
[Result "1/2-1/2"]
[WhiteElo "2114"]
[BlackElo "1846"]
[PlyCount "73"]
[EventDate "2022.08.22"]
[EventType "team-swiss"]
[EventRounds "9"]
[EventCountry "TUR"]
[SourceTitle "CBM 210 Extra"]
[Source "ChessBase"]
[SourceDate "2022.11.30"]
[SourceVersion "1"]
[SourceVersionDate "2022.11.30"]
[SourceQuality "1"]
[WhiteTeam "Bursa Deneyim"]
[BlackTeam "Gaziantep Sader"]
[WhiteTeamCountry "TUR"]
[BlackTeamCountry "TUR"]

1. d4 d5 2. c4 c6 3. Nc3 Nf6 4. e3 e6 5. Nf3 Nbd7 6. Qc2 Bd6 7. g4 h6 8. Rg1 Qe7 9. h4 dxc4 10. Bxc4 Nd5 11. Bd2 Nb4 12. Qb1 e5 13. Ne4 Bc7 14. a3 Nd5 15. Qc2 N7b6 16. Be2 exd4 17. Nxd4 Bh2 18. Rg2 Be5 19. 0-0-0 a5 20. f4 Nxf4 21. exf4 Bxd4 22. Be1 Be3+ 23. Kb1 Bxf4 24. Bf2 Nd5 25. Bc5 Qc7 26. g5 Be6 27. gxh6 Rxh6 28. Rxg7 0-0-0 29. h5 Be5 30. Rgg1 b6 31. Bf2 Kb8 32. Ng5 Bc8 33. Qb3 Bf5+ 34. Ka1 Kb7 35. Qc4 Kb8 36. Bf3 Rhd6 37. Qb3 1/2-1/2

[Event "Titled Tuesday intern op 08th Sept"]
[Site "Chess.com INT"]
[Date "2020.09.08"]
[Round "2"]
[White "Ozdover, Mustafa Berkay"]
[Black "Fajdetic, Hrvoje"]
[Result "1-0"]
[WhiteElo "2114"]
[BlackElo "2151"]
[PlyCount "71"]
[EventDate "2020.09.08"]
[EventType "swiss (blitz)"]
[EventRounds "10"]
[EventCountry "USA"]
[SourceTitle "CBM 198 Extra"]
[Source "ChessBase"]
[SourceDate "2020.11.30"]
[SourceVersion "1"]
[SourceVersionDate "2020.11.30"]
[SourceQuality "1"]

1. Nf3 f5 2. c4 Nf6 3. Nc3 d6 4. d4 e6 5. g3 Be7 6. Bg2 0-0 7. 0-0 Ne4 8. Qc2 Nxc3 9. bxc3 Bf6 10. e4 e5 11. exf5 Nc6 12. Be3 Qe8 13. g4 Na5 14. Nd2 h5 15. h3 c6 16. Rae1 Qf7 17. Qa4 b6 18. d5 c5 19. Ne4 Be7 20. f4 Ba6 21. fxe5 Bxc4 22. e6 Qe8 23. Qd1 Bxf1 24. Bxf1 hxg4 25. Qxg4 g6 26. f6 Bxf6 27. Nxd6 Qe7 28. Bd3 g5 29. Nf5 Qb7 30. Bxg5 Bxg5 31. Qxg5+ Kh8 32. Re4 Rg8 33. Rh4+ Qh7 34. Rxh7+ Kxh7 35. Nh6+ Kh8 36. Nf7# 1-0

[Event "Titled Tuesday intern op 08th Sept"]
[Site "Chess.com INT"]
[Date "2020.09.08"]
[Round "1"]
[White "Zemerov, Vladimir"]
[Black "Ozdover, Mustafa Berkay"]
[Result "0-1"]
[WhiteElo "2268"]
[BlackElo "2114"]
[PlyCount "128"]
[EventDate "2020.09.08"]
[EventType "swiss (blitz)"]
[EventRounds "10"]
[EventCountry "USA"]
[SourceTitle "CBM 198 Extra"]
[Source "ChessBase"]
[SourceDate "2020.11.30"]
[SourceVersion "1"]
[SourceVersionDate "2020.11.30"]
[SourceQuality "1"]

1. Nf3 Nf6 2. c4 c5 3. Nc3 d5 4. d4 cxd4 5. Nxd4 e5 6. Nf3 d4 7. Nb5 Nc6 8. e3 a6 9. Na3 Bb4+ 10. Bd2 dxe3 11. fxe3 Bc5 12. Nc2 Bg4 13. b4 Bb6 14. c5 Bc7 15. Be2 0-0 16. 0-0 Re8 17. h3 Bh5 18. a4 Ne4 19. Be1 Bg6 20. b5 axb5 21. axb5 Rxa1 22. Qxa1 Ne7 23. Bh4 Nxc5 24. Rd1 Qb8 25. Nb4 e4 26. Nd4 Bh2+ 27. Kh1 Be5 28. Bxe7 Rxe7 29. Nd5 Rd7 30. Nb6 Rd8 31. Qa3 Nd3 32. Bxd3 exd3 33. Qe7 Qd6 34. Qxd6 Bxd6 35. Nc4 Bc5 36. Ne5 Bxd4 37. exd4 Rxd4 38. Rd2 Rd5 39. Nf3 Rxb5 40. Kg1 h6 41. Kf2 Rc5 42. Ke3 b5 43. Nd4 Kf8 44. Rb2 Re5+ 45. Kd2 Re4 46. Kc3 b4+ 47. Rxb4 Re8 48. Rb7 Kg8 49. Kd2 Kh7 50. g4 h5 51. gxh5 Bxh5 52. Kxd3 Bg6+ 53. Kc4 Re3 54. Rb3 Re8 55. Rg3 f6 56. h4 Rd8 57. Ne6 Bf7 58. Rxg7+ Kh6 59. Rxf7 Rc8+ 60. Kd5 Kh5 61. Rh7+ Kg4 62. h5 Ra8 63. h6 Kf5 64. Rg7 Ra5+ 0-1

[Event "Titled Tuesday intern op 11th Aug"]
[Site "Chess.com INT"]
[Date "2020.08.11"]
[Round "5"]
[White "Ozdover, Mustafa Berkay"]
[Black "Sliwicki, Damian"]
[Result "0-1"]
[WhiteElo "2114"]
[BlackElo "2145"]
[PlyCount "40"]
[EventDate "2020.08.11"]
[EventType "swiss (blitz)"]
[EventRounds "10"]
[EventCountry "USA"]
[SourceTitle "CBM 197 Extra"]
[Source "ChessBase"]
[SourceDate "2020.09.30"]
[SourceVersion "1"]
[SourceVersionDate "2020.09.30"]
[SourceQuality "1"]

1. d4 Nf6 2. c4 e6 3. Nf3 d5 4. Nc3 Bb4 5. e3 0-0 6. Bd3 dxc4 7. Bxc4 Nbd7 8. a3 Bd6 9. b4 e5 10. 0-0 a6 11. Qc2 h6 12. Rd1 Qe7 13. Bb2 e4 14. Nd2 Nb6 15. Bf1 Bxh2+ 16. Kxh2 Ng4+ 17. Kg3 Qd6+ 18. f4 exf3+ 19. Kxf3 Qf6+ 20. Ke2 Qf2+ 0-1

[Event "Titled Tuesday intern op 11th Aug"]
[Site "Chess.com INT"]
[Date "2020.08.11"]
[Round "6"]
[White "Sahil, Tickoo"]
[Black "Ozdover, Mustafa Berkay"]
[Result "1-0"]
[WhiteElo "2245"]
[BlackElo "2114"]
[PlyCount "75"]
[EventDate "2020.08.11"]
[EventType "swiss (blitz)"]
[EventRounds "10"]
[EventCountry "USA"]
[SourceTitle "CBM 197 Extra"]
[Source "ChessBase"]
[SourceDate "2020.09.30"]
[SourceVersion "1"]
[SourceVersionDate "2020.09.30"]
[SourceQuality "1"]

1. d4 Nf6 2. Bf4 c5 3. e3 b6 4. c3 Bb7 5. Nd2 g6 6. Ngf3 Bg7 7. Bd3 0-0 8. h3 d6 9. 0-0 Nbd7 10. Bh2 a6 11. Re1 Qc7 12. e4 e5 13. d5 b5 14. a4 c4 15. Bc2 Nc5 16. axb5 axb5 17. Qe2 Rfe8 18. Nf1 Qb6 19. N3d2 Nh5 20. h4 Bh6 21. Nf3 Nf4 22. Bxf4 Bxf4 23. g3 Bh6 24. Kg2 Rf8 25. Ne3 f6 26. h5 Bg7 27. hxg6 hxg6 28. Nh4 f5 29. Nxg6 Nxe4 30. Bxe4 fxe4 31. Qg4 Rf6 32. Rxa8+ Bxa8 33. Qc8+ Kf7 34. Nh8+ Bxh8 35. Qxh8 Bxd5 36. Rh1 Bc6 37. Rh7+ Ke6 38. Qg8+ 1-0

[Event "Titled Tuesday intern op 26th May"]
[Site "Chess.com INT"]
[Date "2020.05.26"]
[Round "9"]
[White "Hosseinzadeh, Nima"]
[Black "Ozdover, Mustafa Berkay"]
[Result "1-0"]
[WhiteElo "2217"]
[BlackElo "2114"]
[PlyCount "151"]
[EventDate "2020.05.26"]
[EventType "swiss (blitz)"]
[EventRounds "10"]
[EventCountry "USA"]
[SourceTitle "CBM 196 Extra"]
[Source "ChessBase"]
[SourceDate "2020.07.31"]
[SourceVersion "1"]
[SourceVersionDate "2020.07.31"]
[SourceQuality "1"]

1. e4 d6 2. d4 Nf6 3. Nc3 g6 4. Be3 c6 5. h3 b5 6. e5 Nfd7 7. f4 Nb6 8. Nf3 b4 9. Ne4 Nd5 10. Bd2 Bf5 11. Bd3 a5 12. g4 Bxe4 13. Bxe4 h5 14. Rg1 hxg4 15. hxg4 Nd7 16. Qe2 N7b6 17. e6 fxe6 18. Bxg6+ Kd7 19. Ng5 Bg7 20. Qxe6+ Kc7 21. Qf7 Qg8 22. Qxg8 Raxg8 23. Bf7 Bxd4 24. Ne6+ Kb7 25. Nxd4 Rf8 26. Bxd5 Nxd5 27. f5 Rh2 28. 0-0-0 Rg8 29. Rde1 c5 30. Nf3 Rh7 31. g5 Rf7 32. Nh4 Rh7 33. Rg4 Kc6 34. g6 Rh5 35. Bg5 Kd7 36. Ng2 a4 37. Nf4 Nxf4 38. Rxe7+ Kc6 39. Bxf4 Rxf5 40. g7 a3 41. bxa3 bxa3 42. Re6 Rf7 43. Rxd6+ Kb5 44. Rdg6 c4 45. R4g5+ Kb4 46. Bd2+ c3 47. Rg4+ Kc5 48. Bxc3 Rf1+ 49. Kd2 Rf3 50. Bb4+ Kd5 51. Bf8 Ke5 52. Rg3 Rf2+ 53. Kc3 Rf7 54. Kb3 Ke4 55. Kxa3 Kf4 56. c4 Ke4 57. Kb4 Kd4 58. c5 Rb7+ 59. Ka5 Kd5 60. Ka6 Rb2 61. Rd6+ Ke5 62. c6 Rxa2+ 63. Kb6 Rc2 64. Kc7 Rb2 65. Kd7 Ra2 66. c7 Ra7 67. Kd8 Ra8+ 68. c8Q Ra7 69. Qe6+ Kf4 70. Rd4+ Kxg3 71. Qg4+ Kf2 72. Rd2+ Ke3 73. Re2+ Kd3 74. Qe4+ Kc3 75. Rc2+ Kb3 76. Qc4# 1-0

[Event "Titled Tuesday intern op 26th May"]
[Site "Chess.com INT"]
[Date "2020.05.26"]
[Round "4"]
[White "Ozdover, Mustafa Berkay"]
[Black "Kollars, Dmitrij"]
[Result "0-1"]
[WhiteElo "2114"]
[BlackElo "2586"]
[PlyCount "84"]
[EventDate "2020.05.26"]
[EventType "swiss (blitz)"]
[EventRounds "10"]
[EventCountry "USA"]
[SourceTitle "CBM 196 Extra"]
[Source "ChessBase"]
[SourceDate "2020.07.31"]
[SourceVersion "1"]
[SourceVersionDate "2020.07.31"]
[SourceQuality "1"]

1. d4 Nf6 2. Nc3 d5 3. Bg5 c5 4. Bxf6 gxf6 5. e3 Nc6 6. Nf3 e6 7. g3 Qb6 8. Rb1 cxd4 9. exd4 Be7 10. Bd3 Bd7 11. Be2 f5 12. 0-0 0-0 13. Re1 Bf6 14. Na4 Qc7 15. c3 Kh8 16. Nc5 Rg8 17. Bf1 Rg7 18. Bg2 Rag8 19. Nd3 Ne7 20. a4 Nc8 21. Rc1 Nd6 22. Nf4 Ne4 23. Nh5 Rg6 24. Nxf6 Rxf6 25. Ne5 Be8 26. c4 dxc4 27. Rxc4 Qb6 28. Bxe4 fxe4 29. b4 Qd8 30. Rxe4 Rf5 31. b5 Qd5 32. Qe2 Qd6 33. h3 a6 34. bxa6 Qxa6 35. Kh2 Qd6 36. Rc8 Bxa4 37. Rxg8+ Kxg8 38. Rg4+ Kf8 39. Rh4 Be8 40. Re4 Qd5 41. Rh4 Bc6 42. Qe3 Qg2# 0-1

[Event "Titled Tuesday intern op 26th May"]
[Site "Chess.com INT"]
[Date "2020.05.26"]
[Round "10"]
[White "Ozdover, Mustafa Berkay"]
[Black "Piliposyan, Robert"]
[Result "1-0"]
[WhiteElo "2114"]
[BlackElo "2199"]
[PlyCount "57"]
[EventDate "2020.05.26"]
[EventType "swiss (blitz)"]
[EventRounds "10"]
[EventCountry "USA"]
[SourceTitle "CBM 196 Extra"]
[Source "ChessBase"]
[SourceDate "2020.07.31"]
[SourceVersion "1"]
[SourceVersionDate "2020.07.31"]
[SourceQuality "1"]

1. d4 Nf6 2. c4 c5 3. d5 b5 4. cxb5 a6 5. bxa6 g6 6. b3 Bg7 7. Bb2 0-0 8. g3 Qa5+ 9. Bc3 Qb6 10. Bg2 d6 11. Nh3 Nxa6 12. Nf4 Bf5 13. 0-0 Nb4 14. a3 Nc2 15. Ra2 Qxb3 16. Rb2 Qa4 17. e4 Nxe4 18. Bxg7 Kxg7 19. Rxc2 Nxg3 20. hxg3 Bxc2 21. Qg4 Bxb1 22. Rxb1 Qd4 23. Re1 Rfe8 24. Qg5 Rxa3 25. Rxe7 Ra1+ 26. Kh2 Rxe7 27. Qxe7 Qxf2 28. Ne6+ Kh6 29. Qh4# 1-0

[Event "TUR-chT Clubs"]
[Site "Konya"]
[Date "2019.07.16"]
[Round "1.6"]
[White "Ozdover, Mustafa Berkay"]
[Black "Yigiter, Fatih"]
[Result "1-0"]
[WhiteElo "2130"]
[BlackElo "1585"]
[PlyCount "83"]
[EventDate "2019.07.16"]
[EventType "team-swiss"]
[EventRounds "9"]
[EventCountry "TUR"]
[SourceTitle "CBM 191 Extra"]
[Source "ChessBase"]
[SourceDate "2019.09.30"]
[SourceVersion "1"]
[SourceVersionDate "2019.09.30"]
[SourceQuality "1"]
[WhiteTeam "Borcelik Bursa Deneyim"]
[BlackTeam "Edeler Gorme Engelliler"]
[WhiteTeamCountry "TUR"]
[BlackTeamCountry "TUR"]

1. d4 d5 2. c4 e6 3. Nf3 Nf6 4. Nc3 Be7 5. Bg5 Nbd7 6. e3 a6 7. cxd5 exd5 8. Bd3 h6 9. Bh4 0-0 10. Rc1 c6 11. Bg3 Re8 12. 0-0 Nh5 13. Nxd5 Nxg3 14. Nxe7+ Qxe7 15. hxg3 Nf6 16. Qc2 Be6 17. a3 Rad8 18. Rfe1 Qc7 19. b4 Qd6 20. Ne5 Nd7 21. Nxd7 Qxd7 22. a4 Rc8 23. Qb1 Qd6 24. Rc3 Rc7 25. Rec1 Rec8 26. Qb2 Kf8 27. Be2 Qd7 28. Bf3 Qd6 29. Rc5 b6 30. R5c3 c5 31. bxc5 bxc5 32. dxc5 Qe5 33. Qb6 Bd5 34. Bxd5 Qxd5 35. c6 a5 36. Qb5 Qd2 37. Rc5 Qd6 38. Qxa5 Rxc6 39. Rxc6 Rxc6 40. Qa8+ Ke7 41. Qxc6 Qd2 42. a5 1-0

[Event "TUR-chT 1st League"]
[Site "Konya"]
[Date "2017.07.20"]
[Round "5.4"]
[White "Ozdover, Mustafa Berkay"]
[Black "Erden, Kadir"]
[Result "0-1"]
[WhiteElo "2120"]
[BlackElo "2235"]
[PlyCount "76"]
[EventDate "2017.07.17"]
[EventType "team-swiss"]
[EventRounds "9"]
[EventCountry "TUR"]
[SourceTitle "CBM 179 Extra"]
[Source "ChessBase"]
[SourceDate "2017.08.23"]
[SourceVersion "1"]
[SourceVersionDate "2017.08.23"]
[SourceQuality "1"]
[WhiteTeam "Ankara Dernegi"]
[BlackTeam "Manisa Turkuaz"]
[WhiteTeamCountry "TUR"]
[BlackTeamCountry "TUR"]

1. d4 Nf6 2. c4 e6 3. Nc3 Bb4 4. e3 0-0 5. Bd3 d5 6. cxd5 exd5 7. Nge2 c6 8. Qc2 Re8 9. Bd2 Nbd7 10. 0-0-0 c5 11. dxc5 Nxc5 12. Kb1 Nxd3 13. Qxd3 Bf8 14. Nd4 g6 15. Bc1 Bg7 16. f3 Bd7 17. Qc2 Qb6 18. Rhe1 Rad8 19. Ka1 Bc6 20. Qb3 Qc7 21. g3 h5 22. Bd2 Qd7 23. Qc2 Qh3 24. Nce2 Qd7 25. Rc1 Rc8 26. Qd3 Qe7 27. Nf4 Nd7 28. Qb3 Nb6 29. Nxc6 bxc6 30. Bc3 h4 31. Bxg7 Kxg7 32. e4 Qf6 33. exd5 Nxd5 34. Rxe8 Rxe8 35. Nxd5 cxd5 36. Qxd5 Re2 37. Rb1 h3 38. g4 g5 0-1

[Event "TUR-chT"]
[Site "Izmir"]
[Date "2016.07.25"]
[Round "1.6"]
[White "Petrov, Martin"]
[Black "Ozdover, Mustafa Berkay"]
[Result "1-0"]
[WhiteElo "2439"]
[BlackElo "2091"]
[PlyCount "91"]
[EventDate "2016.07.25"]
[EventType "team-swiss"]
[EventRounds "13"]
[EventCountry "TUR"]
[SourceTitle "CBM 173 Extra"]
[Source "ChessBase"]
[SourceDate "2016.08.29"]
[SourceVersion "1"]
[SourceVersionDate "2016.08.29"]
[SourceQuality "1"]
[WhiteTeam "Akdeniz Vida Metal"]
[BlackTeam "Onur Koleji Genc"]
[WhiteTeamCountry "TUR"]
[BlackTeamCountry "TUR"]

1. e4 d6 2. d4 Nf6 3. Nc3 g6 4. Be3 a6 5. Qd2 b5 6. f3 Nbd7 7. h4 Nb6 8. a4 Nc4 9. Bxc4 bxc4 10. d5 e5 11. dxe6 Bxe6 12. Nge2 Be7 13. Nf4 Qd7 14. h5 Rg8 15. hxg6 hxg6 16. g4 Qc6 17. Ncd5 Bxd5 18. Nxd5 Nxd5 19. exd5 Qb7 20. 0-0-0 Rb8 21. Bd4 c5 22. dxc6 Qxc6 23. Rhe1 Kd7 24. Qf4 Rgf8 25. Bg7 Qc5 26. Bxf8 Rxf8 27. Qd4 Rc8 28. c3 Qxd4 29. Rxd4 Rc5 30. Kc2 g5 31. Ree4 d5 32. Re5 Kd6 33. Rf5 f6 34. b4 cxb3+ 35. Kxb3 Ke6 36. Rb4 Rc6 37. c4 dxc4+ 38. Rxc4 Rb6+ 39. Kc2 Ba3 40. Re4+ Kf7 41. Rd5 Bd6 42. a5 Rc6+ 43. Kd3 Be5 44. Rc4 Re6 45. Rd7+ Kg6 46. Rc8 1-0

[Event "Wch U20 52nd"]
[Site "Kocaeli"]
[Date "2013.09.19"]
[Round "7"]
[White "Farid, Firman Syah"]
[Black "Ozdover, Mustafa Berkay"]
[Result "1/2-1/2"]
[WhiteElo "2433"]
[BlackElo "2005"]
[PlyCount "86"]
[EventDate "2013.09.13"]
[EventType "swiss"]
[EventRounds "13"]
[EventCountry "TUR"]
[SourceTitle "CBM 156 Extra"]
[Source "ChessBase"]
[SourceDate "2013.10.22"]
[SourceVersion "1"]
[SourceVersionDate "2013.10.22"]
[SourceQuality "1"]

1. d4 Nf6 2. c4 g6 3. Nc3 d5 4. Bg5 Bg7 5. Nf3 Ne4 6. Bh4 Nxc3 7. bxc3 dxc4 8. Qa4+ Nd7 9. Qxc4 0-0 10. e3 c5 11. Be2 cxd4 12. exd4 Nb6 13. Qc5 Re8 14. 0-0 Be6 15. Rfe1 Rc8 16. Qa3 Nd5 17. Rac1 Qd6 18. Qb2 Bh6 19. Bg5 Bxg5 20. Nxg5 Bf5 21. Qb3 Rf8 22. g3 b6 23. Bf1 Rc7 24. h3 Nf6 25. Bg2 h6 26. Nf3 Be4 27. Ne5 Bxg2 28. Kxg2 Qd5+ 29. Qxd5 Nxd5 30. c4 Nf6 31. d5 Rfc8 32. Rcd1 Kg7 33. Rd3 Nd7 34. Nc6 Nc5 35. Ra3 e6 36. Nxa7 Ra8 37. Nb5 Rxa3 38. Nxc7 exd5 39. Nxd5 Rxa2 40. Nxb6 Nd3 41. Rf1 Rc2 42. h4 h5 43. Kg1 Ne5 1/2-1/2

[Event "Wch U20 52nd"]
[Site "Kocaeli"]
[Date "2013.09.17"]
[Round "5"]
[White "Sanal, Vahap"]
[Black "Ozdover, Mustafa Berkay"]
[Result "1-0"]
[WhiteElo "2419"]
[BlackElo "2005"]
[PlyCount "59"]
[EventDate "2013.09.13"]
[EventType "swiss"]
[EventRounds "13"]
[EventCountry "TUR"]
[SourceTitle "CBM 156 Extra"]
[Source "ChessBase"]
[SourceDate "2013.10.22"]
[SourceVersion "1"]
[SourceVersionDate "2013.10.22"]
[SourceQuality "1"]

1. e4 Nf6 2. e5 Nd5 3. d4 d6 4. c4 Nb6 5. exd6 exd6 6. Nf3 Bg4 7. Be2 Be7 8. 0-0 0-0 9. Nc3 Nc6 10. b3 Bf6 11. Be3 Re8 12. h3 Bh5 13. Rc1 d5 14. c5 Nc8 15. b4 h6 16. b5 Na5 17. g4 Bg6 18. Ne5 Bxe5 19. dxe5 c6 20. Bd4 Nc4 21. bxc6 bxc6 22. f4 f6 23. exf6 Ne3 24. Qd2 Nxf1 25. Rxf1 Rb8 26. f5 Bh7 27. g5 hxg5 28. Qxg5 Qc7 29. Bh5 Rf8 30. fxg7 1-0

[Event "TUR-ch"]
[Site "Kemer"]
[Date "2012.02.04"]
[Round "9"]
[White "Ozdover, Mustafa Berkay"]
[Black "Ersoy, Emre"]
[Result "1-0"]
[WhiteElo "1985"]
[BlackElo "1817"]
[PlyCount "73"]
[EventDate "2012.01.29"]
[EventType "swiss"]
[EventRounds "10"]
[EventCountry "TUR"]
[SourceTitle "CBM 146 Extra"]
[Source "ChessBase"]
[SourceDate "2012.02.29"]
[SourceVersion "1"]
[SourceVersionDate "2012.02.29"]
[SourceQuality "1"]

1. d4 e6 2. e4 d5 3. Nc3 Bb4 4. e5 c5 5. a3 Bxc3+ 6. bxc3 Ne7 7. Qg4 Qc7 8. Bd2 Nbc6 9. Nf3 Bd7 10. Bd3 0-0-0 11. 0-0 c4 12. Be2 Ng6 13. Ng5 Rdf8 14. f4 Nce7 15. Qh3 h6 16. Nf3 Nf5 17. g4 Nfe7 18. Qg3 h5 19. h3 hxg4 20. hxg4 f6 21. Kg2 Qa5 22. Rfb1 Rh7 23. exf6 gxf6 24. Rh1 Rxh1 25. Rxh1 Qxa3 26. Rh7 Qb2 27. Ne1 a5 28. f5 exf5 29. Qd6 fxg4 30. Rxe7 Nxe7 31. Qxe7 Re8 32. Qc5+ Kb8 33. Bf4+ Re5 34. dxe5 Bc6 35. exf6+ Kc8 36. Bxg4+ Kd8 37. Qe7# 1-0

[Event "TUR-ch"]
[Site "Kemer"]
[Date "2012.01.30"]
[Round "3"]
[White "Ozdover, Mustafa Berkay"]
[Black "Selbes, Tarik"]
[Result "0-1"]
[WhiteElo "1985"]
[BlackElo "2264"]
[PlyCount "78"]
[EventDate "2012.01.29"]
[EventType "swiss"]
[EventRounds "10"]
[EventCountry "TUR"]
[SourceTitle "CBM 146 Extra"]
[Source "ChessBase"]
[SourceDate "2012.02.29"]
[SourceVersion "1"]
[SourceVersionDate "2012.02.29"]
[SourceQuality "1"]

1. d4 Nf6 2. c4 g6 3. Nc3 Bg7 4. e4 d6 5. Nf3 0-0 6. Be2 e5 7. 0-0 Nc6 8. d5 Ne7 9. b4 Nh5 10. c5 Nf4 11. Bxf4 exf4 12. Rc1 h6 13. Nd4 g5 14. Nb3 Ng6 15. cxd6 cxd6 16. Nb5 Ne5 17. h3 Qf6 18. N5d4 Qg6 19. Bf3 Nxf3+ 20. Qxf3 Be5 21. Qd3 Re8 22. Nf5 h5 23. g4 hxg4 24. hxg4 Bxf5 25. exf5 Qh6 26. Qf3 Rac8 27. Kg2 Bb2 28. Rh1 Qg7 29. Rxc8 Rxc8 30. Rd1 Qe5 31. Rd3 Bc3 32. a3 Kg7 33. Na5 Be1 34. Qd1 Rh8 35. Rh3 Rxh3 36. Kxh3 Bxf2 37. Nb3 Qe3+ 38. Kg2 Qg3+ 39. Kf1 f3 0-1

[Event "World ol U16 10th"]
[Site "Kocaeli"]
[Date "2011.10.29"]
[Round "8.2"]
[White "Ozdover, Mustafa Berkay"]
[Black "Emiroglu, Cankut"]
[Result "1/2-1/2"]
[WhiteElo "1876"]
[BlackElo "2242"]
[PlyCount "41"]
[EventDate "2011.10.24"]
[EventType "team-swiss"]
[EventRounds "10"]
[EventCountry "TUR"]
[SourceTitle "EXT 2012"]
[Source "ChessBase"]
[SourceDate "2011.11.24"]
[SourceVersion "1"]
[SourceVersionDate "2011.11.24"]
[SourceQuality "1"]
[WhiteTeam "Turkey II"]
[BlackTeam "Turkey"]
[WhiteTeamCountry "TUR"]
[BlackTeamCountry "TUR"]

1. d4 Nf6 2. c4 e6 3. Nf3 Bb4+ 4. Nc3 0-0 5. e3 d5 6. Bd3 dxc4 7. Bxc4 c5 8. 0-0 cxd4 9. exd4 Nc6 10. Re1 b6 11. a3 Be7 12. d5 exd5 13. Nxd5 Nxd5 14. Bxd5 Bb7 15. Bf4 Bf6 16. Rc1 Na5 17. Bxb7 Nxb7 18. Be5 Bxe5 19. Nxe5 Nc5 20. b4 Ne6 21. Qg4 1/2-1/2